| 000 | 01888cam a2200433 a 4500 | ||
|---|---|---|---|
| 999 |
_c3897 _d3897 |
||
| 001 | 15637273 | ||
| 003 | Nust | ||
| 005 | 20180117090019.0 | ||
| 008 | 090225s2008 enka b 001 0 eng | ||
| 010 | _a 2009275468 | ||
| 015 |
_aGBA8A1507 _2bnb |
||
| 016 | 7 |
_a014697900 _2Uk |
|
| 020 | _a9781847012029 (hbk. : James Currey) | ||
| 020 | _a1847012027 (hbk. : James Currey) | ||
| 020 | _a9781869141646 (pbk. : KwaZuluNatal) | ||
| 020 | _a1869141644 (pbk. : KwaZuluNatal) | ||
| 035 | _a(OCoLC)ocn243545111 | ||
| 040 |
_aUKM _cUKM _dBTCTA _dBAKER _dYDXCP _dBWKUK _dBWK _dBWX _dDLC |
||
| 042 | _alccopycat | ||
| 050 | 0 | 0 |
_aHN801.A8 _bR63 2008 |
| 082 | 0 | 4 |
_a303.4840968 _222 |
| 100 | 1 | _aRobins, Steven L. | |
| 245 | 1 | 0 |
_aFrom revolution to rights in South Africa : _bsocial movements, NGOs & popular politics after apartheid / _cSteven L. Robins. |
| 260 |
_aWoodbridge [England] ; _aRochester, NY : _bJames Currey ; _aScottsville, South Africa : _bUniversity of Kwazulu-Natal Press, _c2008. |
||
| 300 |
_axvi, 192 p. : _bill. ; _c25 cm. |
||
| 504 | _aIncludes bibliographical references (p. 175-185) and index. | ||
| 650 | 0 |
_aSocial movements _zSouth Africa. |
|
| 650 | 0 |
_aGroup identity _zSouth Africa. |
|
| 650 | 0 |
_aCivil society _zSouth Africa. |
|
| 650 | 0 |
_aAIDS (Disease) _xPolitical aspects _zSouth Africa. |
|
| 650 | 0 |
_aCommunity organization _zSouth Africa. |
|
| 651 | 0 |
_aSouth Africa _xPolitics and government _y1994- |
|
| 651 | 0 |
_aSouth Africa _xSocial conditions _y1994- |
|
| 856 | 4 | 2 |
_3Book review (H-Net) _uhttp://www.h-net.org/reviews/showrev.php?id=32880 |
| 906 |
_a7 _bcbc _ccopycat _d2 _encip _f20 _gy-gencatlg |
||
| 942 |
_2ddc _cBK |
||